Competencia URSS USA
Saved in:
| Hovedforfatter: | |
|---|---|
| Format: | Bog |
| Sprog: | spansk |
| Udgivet: |
Buenos Aires
Andina
1965
|
| Fag: | |
| Tags: |
Tilføj Tag
Ingen Tags, Vær først til at tagge denne postø!
|
MARC
| LEADER | 00000nam a2200000 a 4500 | ||
|---|---|---|---|
| 001 | UCZ9954 | ||
| 003 | CL-VaPUC | ||
| 008 | 960314e19650000AG |||||||||||||||||spa|d | ||
| 082 | 0 | 4 | |a 320.3 |b LAB |2 21 |
| 100 | |a Labin, Suzanne |e author |9 354983 | ||
| 245 | 1 | 0 | |a Competencia URSS USA |
| 300 | |a 327 p | ||
| 942 | |c BK | ||
| 945 | |d 19960314 00:00:00 |a rleighto | ||
| 260 | |a Buenos Aires |b Andina |c 1965 | ||
| 650 | 0 | |a Sistemas de gobiernos |9 330159 | |
| 650 | 7 | |a INDUSTRIA |2 CL-VaPUC |9 315110 | |
| 650 | 0 | |a Economía |9 255568 | |
| 650 | 0 | |a Agricultura |9 255598 | |
| 651 | 0 | |a Rusia |9 256106 | |
| 651 | 0 | |a Estados Unidos |9 255178 | |
| 583 | |a last modification |c 19960314 00:00:00 |k Rodrigo Vera | ||
| 999 | |c 244989 |d 244987 | ||
| 952 | |0 0 |1 0 |4 0 |6 320_300000000000000_LAB_1965 |7 0 |8 A |9 259311 |a BIBDER |b BIBDER |d 2019-11-19 |i 1802690 |o 320.3 LAB 1965 |p 1802690 |r 2023-01-25 |w 2019-11-19 |y BK |k DER | ||